=LDR 00000nam 2200000 4500 =001 NUTBA000000000005774 =005 20251103011751 =035 ##$$a 0010-111400000000253 =008 251103###########################0#ind## =020 ##$$a 978-979-678-34-0 =040 ##$$a NBPDMAT =082 ##$$a 028.5 =090 ##$$a 028.5 $b Ich a =100 ##$$a Ichsania Alya N =245 1#$$a Ayo hidup sehat ! /$c Ichsania Alya N ; editor , Sri Lestari =260 ##$$a Bandung :$b Sarana Panca Karya Nusa,$c 2009 =300 ##$$a iv, 52 hlm. : $b ilus. ; $c 24 cm. =500 ##$$a Bibliografi : hlm. 49 , Indeks : hlm. 51 =650 #4$$a Bacaan Kanak - Kanak - Kesehatan =700 #$$a Sri Lestari =850 ##$$a NBPDMAT =084 ##$$a 028.5 ICH a =990 ##$$a 21416067 =990 ##$$a 21416068 =990 ##$$a 21416069 =990 ##$$a 21416070 =990 ##$$a 21416071 =990 ##$$a 21416069 =990 ##$$a 21416067 =990 ##$$a 21416068 =990 ##$$a 21416070 =990 ##$$a 21416071